| 000 | 00459nab a22001457 4500 | ||
|---|---|---|---|
| 003 | ES-SlBCS | ||
| 005 | 20220203142250.0 | ||
| 008 | 201128s2020 sp ||||| |||| 00| 0 spa d | ||
| 040 |
_aES-SlBCS _bspa |
||
| 041 | _aspa | ||
| 100 | 1 |
_aÁlvarez de los Mozos, Patxi _970697 |
|
| 245 | 1 | 0 |
_aAmar a Dios en todas las cosas _cPatxi Álvarez de los Mozos, SJ. |
| 773 | 0 |
_gVol. 105, núm. 1261, 2020, págs. 1009-1022 _tSal Terrae _wRev410 _x0211-4569 |
|
| 942 |
_2lcc _cAR |
||
| 999 |
_c489966 _d489966 |
||